The Land Registration Act 2002 (Record no. 70641)

MARC details
000 -LEADER
fixed length control field 01028cam a2200229 4500
001 - CONTROL NUMBER
control field ABS65656
008 - FIXED-LENGTH DATA ELEMENTS--GENERAL INFORMATION
fixed length control field 020701n2002 000 0 eng u
035 ## - SYSTEM CONTROL NUMBER
System control number (Sirsi) u118623
100 ## - MAIN ENTRY--PERSONAL NAME
Personal name Sydenham, A.
245 #4 - TITLE STATEMENT
Title The Land Registration Act 2002
260 ## - PUBLICATION, DISTRIBUTION, ETC.
Date of publication, distribution, etc. 2002
490 ## - SERIES STATEMENT
Series statement Farm Tax Brief
Volume/sequential designation 17(5) June 2002, 7-8(2)
520 ## - SUMMARY, ETC.
Summary, etc. The Land Registration Act 2002 received Royal Assent on 26 February 2002 and many of the provisions are expected to come into force in October 2003. Electronic conveyancing has received great attention surrounding this act. But this article aims to show that there are other major changes to the law relating to registered land. Areas discussed are extensions of interests which must be registered; voluntary registration and overriding interests.
590 ## - LOCAL NOTE (RLIN)
Local note ABS
650 ## - SUBJECT ADDED ENTRY--TOPICAL TERM
Topical term or geographic name entry element LAND REGISTRATION ACT 2002
650 ## - SUBJECT ADDED ENTRY--TOPICAL TERM
Topical term or geographic name entry element VOLUNTARY REGISTRATION
650 ## - SUBJECT ADDED ENTRY--TOPICAL TERM
Topical term or geographic name entry element OVERRIDING INTERESTS
650 ## - SUBJECT ADDED ENTRY--TOPICAL TERM
Topical term or geographic name entry element REGISTERED LAND
650 ## - SUBJECT ADDED ENTRY--TOPICAL TERM
Topical term or geographic name entry element REVERSIONARY LEASES
690 ## - LOCAL SUBJECT ADDED ENTRY--TOPICAL TERM (OCLC, RLIN)
Topical term or geographic name as entry element PROPERTY
942 ## - ADDED ENTRY ELEMENTS (KOHA)
Suppress in OPAC 0
Holdings
Withdrawn status Lost status Source of classification or shelving scheme Damaged status Not for loan Home library Current library Shelving location Date acquired Total Checkouts Full call number Barcode Date last seen Copy number Price effective from Koha item type
    Dewey Decimal Classification     London London Journal article 01/07/2002   ABS65656 118623-1001 06/08/2019 1 06/08/2019 Journal article